000 00666nas a2200241 4500
001 BR2013003480
003 BR-BrBNA
005 20231205122242.0
007 ta
008 230509b bl.|||p| |||| 00| 00por d
040 _aBR-BrBNA
_bpor
_cBiblioteca Nacional de Agricultura
041 _a(Pt)
072 _aE70
100 1 _aLucini, M.A.
245 1 _aAlho previsões para safra 2011/12
650 _aALHO
650 _aSAFRA
650 _aABASTECIMENTO
650 _aCUSTO DE PRODUÇÃO
773 0 _tNosso Alho (Brazil)
_xISSN 2177-2959
_g(Mar 2011), (no. 10) p. 38-41
_wBR2013003480
909 _a202311
_bLúcia
_c55
_dLúcia Elande
942 _2AGRIS
_n0
_cANA
999 _c227704
_d227704